1870 1715 1073 1473 1173 1249 1164 1838 1501 1298 1973 1792 1036 1603 1711 1364 1052 1491 1603 1663 1563 1398 1916 1385 1743 1104 1184 1531 1784 1854 1912 1074 1296 1090 1530 1674 1665 1821 1307 1997 1890 1766 1998 1296 1430 1275 1366 1306 1915 1561 1149 1538 1307 1395 1565 1665 1493 1529 1728 1272 1974 1500 1896 1002 1203 1255 1798 1168 1151 1719 1956 1170 1815 1940 1524 1701 1759 1838 1007 1465 1403 1564 1513 1305 1295 1380 1407 1700 1249 1764 1851 1271 1666 1263 1950 1884 1448 1554 1179 BCNSPRNW ULIB Ver.6.0+V

เปลี่ยนเป็นภาษาไทย

Change to English
 แสดงรายละเอียดบรรณานุกรม
  กลับหน้าหลัก

Brief Record : Get Marc (ISO 2709) : E-mail record : QR code < ปิดหน้าต่าง
LEADER : 00000nam 2200000uu 4500
001    13399125117
003     ULIB
008    020711s2550 th a 000 0 tha d
020    9789749899267
090    นว.^bย731ค
100    โยโคมิโซะ เซชิ
245    คินดะอิจิยอดนักสืบ ตอนที่7 : คดีฆ่าตกรรม เพลงเล่นลูกบอลปีศาจ/^cโยโคมิโซะ เซชิ
260    กรุงเทพมหานคร :^bJBOOK,^c2550
300    337 หน้า
945    ^p230^l0^i022061
999    ^aทศพร
รายการนี้ยังไม่มีแท็ก
คุณยังไม่ได้ล็อกอิน คุณสามารถมีกิจกรรมร่วมกับเว็บไซต์ได้ แต่ต้องล็อกอินก่อน ::
  ล็อกอิน

รายการสื่อสารสนเทศ

ลำดับที่ ประเภท เลขเรียก/บาร์โค้ด สถานที่ สถานะ
1. นวนิยาย
นวนิยาย
นว. ย731ค ฉ.1 
  Barcode: 022061
ห้องสมุดวิทยาเขตสวรรค์ประชารักษ์
►หนังสือทั่วไป
บนชั้น

รายการใกล้เคียง
    ผู้แต่ง [โยโคมิโซะ เซชิ]

BibComment


ยังไม่เคยถูกคอมเมนท์

คอมเมนท์ทรัพยากรรายการนี้
  คอมเมนท์: คินดะอิจิยอดนักสื..


 Copyright 2026. Bcnsprnw @Library